000 00717nam a2200241Ia 4500
003 OSt
005 20251119102748.0
008 210210b1960 xxu||||| |||| 00| 0 eng d
040 _cAL
041 _aKannada
082 _a851/122
100 _aGUNDAPPA (L)
_dಗುಂಡಪ್ಪ (ಎಲ್)
_9246339
245 _aTirukkural: modalaneya dharma bhaga
_b ತಿರುಕ್ಕುರಲ್: ಮೊದಲನೆಯ ಧರ್ಮ ಭಾಗ
260 _aBengaluru
_b-
_c1960
650 _aTirukkural:
_9246340
650 _aTirukkural
_9246340
650 _amodalaneya
_9246341
650 _adharma
_9246342
650 _abhaga
_9246343
690 _aKannada Poetry
_9246344
906 _a018139
942 _2ddc
_cBK
999 _c141267
_d141267